[Event "Irwin Natl Tmt Of Senior State Champion"]
[Site "Cherry Hill, NJ"]
[Date "2021.08.16"]
[Round "1"]
[White "Perez, Ignacio"]
[Black "Hobbs, Richard Parker"]
[Result "1-0"]
[WhiteElo "2200"]
[BlackElo "1866"]
[Annotator "Ralph Dubisch"]
[PlyCount "119"]
[EventDate "2021.??.??"]

{[%evp 0,119,17,25,36,48,58,57,86,43,85,82,67,93,93,46,48,-24,-24,-19,-23,-24,
-42,-21,0,0,44,45,39,-4,-12,-22,-24,0,-3,-9,-11,-20,66,69,73,51,60,60,83,-44,
-42,-30,0,-8,47,69,88,-13,72,72,83,47,35,35,35,35,59,35,65,19,39,0,0,0,0,0,0,0,
3,-18,-14,-18,4,-13,-3,-22,-22,-15,-12,-13,-11,-25,-34,-35,-33,-31,46,45,67,65,
79,70,117,103,103,115,127,123,298,213,209,210,298,391,1080,1218,1249,1397,1547,
1701,1795,1547,1829,1815,2191,26896]} 1. e4 d5 2. exd5 Nf6 3. d4 Bg4 4. Nf3
Qxd5 5. Nc3 Qh5 6. Be2 Nc6 7. h3 O-O-O 8. Rg1 $6 (8. Be3) 8... Bxf3 (8... Nxd4
$1 9. Nxd4 Bxe2 10. Qxe2 (10. Ncxe2 e5 $17) 10... Rxd4 $17) 9. Bxf3 Qa5 10.
Bxc6 bxc6 11. Qf3 Qb6 (11... e5 $5) 12. a4 Nd5 (12... Rxd4 $5) 13. Ne2 Nb4 14.
Qb3 e5 15. a5 Qa6 16. Bd2 exd4 17. Bxb4 Re8 18. O-O-O Bxb4 19. Nxd4 c5 20. Nf3
(20. Kb1 Qxa5 21. Nc6 Qb6 22. Nxb4 cxb4 23. Qxf7 $14) 20... Re2 21. Kb1 Rhe8
22. Qa4 Qxa5 23. Qd7+ Kb8 24. Qxf7 Qa4 25. Qc4 a6 26. Rd8+ (26. Rge1 $5) 26...
Rxd8 (26... Ka7 27. Rgd1 R8e4 $13) 27. Qxe2 Qb5 28. Qxb5+ axb5 29. c3 Ba5 30.
Re1 Kc8 31. Kc2 Bb6 32. Ng5 (32. Re7 $14) 32... c4 33. f3 (33. f4 h6 34. Nf3
Rf8 35. Re4 Kb7 36. g4) 33... h6 34. Nf7 Rf8 35. Ne5 Bf2 36. Re4 Bg3 37. Ng6
Rf6 38. Ne7+ Kb7 39. Nd5 Rf7 40. Rg4 Bd6 41. Re4 (41. h4) 41... Kc6 42. Ne3 Re7
43. b3 (43. Rxe7 Bxe7) 43... Rxe4 44. fxe4 cxb3+ 45. Kxb3 Bc5 $6 (45... Kc5 46.
Nf5 Be5) 46. Nf5 Bf8 47. Nd4+ Kb6 48. Ne6 Bd6 49. Nxg7 c5 50. c4 b4 51. Nf5 Bf8
(51... Bf4 52. g3 Be5 53. g4 Bf4 {offers significant drawing chances.}) 52. e5
$1 Kc7 53. e6 $1 Kd8 54. g4 Be7 55. Nxh6 Ke8 56. Nf5 Kf8 57. h4 Bxh4 58. Nxh4
Ke7 59. Ng6+ Kxe6 60. Nf4+ 1-0

[Event "5th Annual Seattle Chess Classic"]
[Site "Chess.com"]
[Date "2021.08.14"]
[Round "4"]
[White "GM Aleksandrov, Aleksei"]
[Black "Talukdar, Rohan"]
[Result "0-1"]
[WhiteElo "2708"]
[BlackElo "2424"]
[Annotator "Rohan Talukdar"]
[PlyCount "84"]
[EventDate "2021.08.13"]
[EventType "swiss"]
[EventRounds "9"]

1. Nf3 c5 2. e3 g6 3. d4 Bg7 4. dxc5 {This is a rare sideline but white's idea
is to slowly kick back black's pieces with a3, b4, c4 as black grabs back the
pawn} Qa5+ 5. Nbd2 Qxc5 6. Be2 Qc7 $1 {This is a really accurate move order
since I am delaying Nf6 so that my opponent can't play a3 b4 easily} (6... Nf6
{While preparing for the game, I saw that my opponent reached a similar
position against Nick Raptis} 7. a3 O-O 8. b4 Qc7 9. Bb2 a5 10. c4 d6 11. O-O {
With a different move order, this has reached Raptis-Aleksandrov and I think
white is quite comfortable here}) 7. O-O Nc6 8. c4 {Now that my opponent has
comitted c4 it is time to play Nf6 since white will not have enough time for
a3 b4} Nf6 9. Nb1 $1 {A logical regrouping that my opponent played quite fast}
(9. a3 {is too slow} O-O 10. b4 Ne4 $1) 9... O-O 10. Nc3 d6 11. Bd2 (11. e4 {
In the beginning, I thought my opponent wanted a Maroczy Bind but this seems
like a bad version with the knight on f3} Nd7 12. Qc2 Nc5 13. Rd1 f5 $132 {
is quite interesting here}) 11... Bf5 {If black can achieve Ne4 then black's
bishops will be quite active} (11... Nd7 $5) 12. Nd5 $6 {This is a positional
mistake} (12. Rc1 {seems logical} Ne4 13. Nxe4 Bxe4 14. Bc3 Bxc3 15. Rxc3 Rfd8
{and black should be fine once d5 is achieved}) 12... Nxd5 13. cxd5 {The
structure that has arisen gives white slightly more space but the since I can
trade off two pairs of minor pieces, I have quite a comfortable position. My
bishops are much more active than my opponent's} Ne5 14. Nd4 Bd3 {Trading off
white's important light squared bishop allows the knight on e5 to be stronger}
(14... Be4 {was temping but white has the cool} 15. Nb5 Qb6 (15... Qc5 16. Rc1)
16. Bc3 {and d5 is safe}) 15. Rc1 Qb6 16. Bc3 Qa6 $1 {A nice move to play
which secures my knight a good square on d3} 17. Bxd3 Nxd3 18. Rc2 Rfc8 19. a4
$6 {This move tries to accomplish Nb5 but this is way too slow} (19. f4 $5 {
is interesting trying to start a counterattack but I have a nice way of
playing which is shown by the computer} Nc5 20. Qf3 f5 21. g4 fxg4 22. Qxg4 Qd3
23. Re2 Kh8 {and e4 is a very big hole in white's position}) 19... Nc5 20. b3
$2 (20. a5 Ne4 {and I have all the pressure here}) 20... Nxb3 $1 {My opponent
clearly did not expect this move} 21. Nf5 $5 {trying to complicate things} Bxc3
{I figured that the two pieces should be more than enough for the rook after a
long think} (21... Rxc3 22. Rxc3 Bxc3 23. Qxb3 Bf6 24. Nh6+ Kf8 25. Ng4 Bg7 {
is also winning}) 22. Nxe7+ Kf8 (22... Kg7 $5) 23. Nxc8 Rxc8 24. Qg4 Qc4 (24...
Rc5 {is more accurate}) 25. Qd7 {Frankly, I missed this counterplay option} (
25. Qxc4 Rxc4 26. Rb1 Nc5 {the rooks cannot create too much counterplay so
black should be able to convert with ease}) 25... Kg7 {Logical prophlyaxis} 26.
Qxb7 Rc5 27. Rb1 Nd2 28. Rbc1 Qd3 {I just tried to make sure that everything
was in a close vicinity so that I don't blunder} 29. h3 a5 30. Qb6 Bb4 $1 {
Now with my passed c-pawn this should be easy} 31. Rxc5 dxc5 32. Qd6 Qf5 (32...
Qe4 {more accurate}) (32... c4 {is also winning} 33. Qe5+ Kg8 34. Qb8+ Bf8) 33.
Qc6 c4 34. Rxc4 {I think d6 was a better practical choice} (34. d6 Qf6 {
is the simplest} (34... Ne4 35. d7 (35. Rc2 Nxd6) 35... Qxf2+ 36. Kh1 Qxe3 {
this should lead to mate} 37. Rc2 (37. d8=Q Qxc1+ 38. Kh2 Qf4+ 39. Kg1 Qe3+ 40.
Kh2 Bc5) 37... Be7 $19) 35. Rd1 Bxd6 $19) 34... Nxc4 35. Qxc4 {Here I realized
that I need to not allow white to get the setup with Kg2, g3, h4} Qb1+ 36. Kh2
Qb2 {Now it is awkward to defend f2} 37. Kg1 (37. Qf4 Qf6) (37. f4 Qd2) 37...
Qa1+ 38. Kh2 Qxa4 39. Qd4+ Kg8 {my king is completely safe and d6 does not
work due to Qd7} 40. f4 Qb5 41. e4 Qc5 42. Qd3 Qf2 {With my queen active white
cannot protect everything so it is game over} 0-1

[Event "5th Annual Seattle Chess Classic"]
[Site "Chess.com"]
[Date "2021.08.14"]
[Round "4"]
[White "Shah, Paras"]
[Black "Xiao, David"]
[Result "0-1"]
[WhiteElo "1431"]
[BlackElo "1585"]
[Annotator "David Xiao"]
[PlyCount "130"]
[EventDate "2021.08.13"]
[EventType "swiss"]
[EventRounds "9"]
[TimeControl "4500+15"]

1. d4 d5 2. Nf3 Nc6 $6 {This disallows c5} (2... Nf6) 3. Bf4 Bf5 $5 {I don't
know this opening, so both moves are inaccurate.} (3... Bg4) 4. e3 Nf6 5. c3 $6
{This disallows his Knight hopping into c3.} e6 6. Bd3 Bg6 7. c4 $6 {He just
played c3, and now pushes c4, moving his pawn twice.} Ne4 $6 {dxc4 is best,
but I don't want to lose my central pawn.} 8. cxd5 exd5 $6 (8... Bb4+) 9. Nc3
Bb4 10. Rc1 O-O 11. O-O Bxc3 12. bxc3 Re8 13. c4 $6 Nb4 14. Bb1 c6 $2 {
Securing my central pawn, but it is a Mistake. (see move 16)} 15. Qb3 a5 16. a3
$2 (16. c5 {locks up the position, threatening a3 Qxb7} b5 17. cxb6 Qxb6 18. a3
c5 19. Rxc5 Nxc5 20. dxc5 Qxc5 21. axb4 Qxb4 {and 2 minor vs rook is losing
for me.}) 16... dxc4 17. Qxc4 Nd5 18. Bg3 b5 19. Qb3 (19. Qxc6 Re6 20. Qxb5
Ndc3 {Despite down 2 pawns, black is better.} 21. Qb2 Rb6 22. Qa1 Nxg3 {
And white have no space.}) 19... b4 20. Bxe4 Bxe4 21. Ne5 a4 22. Qb2 b3 {
Grabbing space} 23. Nxc6 $2 {Sacrificing my backward(weak) pawn to get more
development.} Qb6 24. Ne5 Rec8 25. Nc4 Qg6 26. h3 Bc2 27. Nd6 {An invasion} Rc6
28. e4 Nc3 $4 {My intuition was wrong. Just backing up with Ne2 was good. I
didn't really think this through.} 29. Rxc2 Nd1 (29... bxc2 {if I played this,
then...} 30. Qxc2 h6 31. Be5 Raa6 32. Nf5 $1 {forces my queen onto e6} Qe6 33.
d5 Qxe5 34. dxc6 Rxc6 {and at the end, white is up a pawn, with black having
no compensation. at least I still have the b pawn with 29...Nd1}) 30. Rxd1 Rxc2
{2 minor vs rook. and I'm down a pawn.} 31. Qb1 Qh5 32. e5 Rb2 33. Qxb2 $4 {
This is a BIG mistake. trading off pieces only makes me better because of my b
pawn.} Qxd1+ 34. Kh2 Qc2 {He must trade, and now my b(c) pawn wins.} 35. Qxc2
bxc2 36. Bf4 Rb8 37. Ne4 Rb1 38. Nc3 c1=Q 39. Bxc1 Rxc1 $13 {Knight and two
pawns versus Rook. An unclear position, Black is probably better.} 40. Nxa4 Rd1
41. Kg3 Rxd4 42. Nb2 Kf8 43. f4 Ke7 44. Kf3 Ke6 45. Ke3 Kd5 46. g3 Re4+ 47. Kd3
g5 {Breaking his pawn structure.} 48. fxg5 Rxe5 49. h4 Re1 50. Na4 Ra1 51. Nc3+
Ke5 52. a4 Kf5 53. Kc4 Kg4 54. Kb5 Kxg3 55. a5 {I was nervous because I see no
way to stop his pawn. Then I realized that I have to sacrifice my rook for his
pawn at the right moment.} Kxh4 56. a6 Kxg5 57. Na4 Rb1+ 58. Kc5 Rb8 59. Nb6 h5
60. a7 Rd8 61. Kc6 f5 62. Kc7 Rg8 63. Nc8 {The moment have come...} Rg7+ 64.
Kb8 Rxa7 $19 65. Kxa7 h4 {And his Knight is unable to defend the pawns.
Overall, this was a wild game where both of us got chances, but my opponent
was not successful in using them, and I came out on top.} 0-1

[Event "5th Annual Seattle Chess Classic"]
[Site "Chess.com"]
[Date "2021.08.14"]
[Round "6"]
[White "Bloom, Corey"]
[Black "Xiao, David"]
[Result "0-1"]
[WhiteElo "1780"]
[BlackElo "1585"]
[Annotator "David Xiao"]
[PlyCount "134"]
[EventDate "2021.08.13"]
[EventType "swiss"]
[EventRounds "9"]
[TimeControl "4500+15"]

1. f4 {The bird opening} d5 2. Nf3 Nc6 $6 {This disallows c5.} (2... c5 3. e3
Nc6 4. d4 Nf6 {White forms a "stonewall" pawn structure.} 5. c3) 3. e3 Nf6 4.
b3 Bf5 $5 (4... g6 5. Bb2 Bg7 6. Bb5 O-O {His dark squared bishop has no root.}
) 5. Bb5 e6 $6 (5... a6) 6. Ne5 $6 {Nd4 is better(I disagree with the engine,
which suggests Ne5.)} (6. Nd4) 6... Bd6 7. Bb2 $6 {Now he can't take my knight
on c6.} (7. Nxc6 bxc6 8. Bxc6+ Kf8) 7... Bxe5 8. fxe5 Nd7 9. O-O Qg5 10. Bxc6
$6 (10. Nc3 Ndxe5 11. Nxd5 exd5 12. Bxe5) 10... bxc6 11. d4 $4 {He spend 10
minutes on this move but still blundered a pawn. I didn't know the thinking
behind it, so I just took.} Qxe3+ 12. Rf2 Qg5 $2 13. Nd2 O-O 14. Nf3 Qe3 15.
Bc1 $6 {Loses control over c3} (15. Qf1 Bxc2 16. Qa6 {And white hangs on})
15... Qc3 16. Bd2 Qxc2 17. Qxc2 Bxc2 {Now I'm up 2 pawns, but the discovered
attack Bb4 wins my bishop.} 18. Bb4 Rfb8 19. Ba5 $4 (19. Rxc2 {Trading is
better, because then} Rxb4 20. Rxc6 {and white is more active while black is
defending.}) 19... Be4 20. Bxc7 Rc8 21. Bd6 Nf8 $4 {I was thinking to play Ng6,
but this is actually a bad move.} (21... c5 22. Ng5 Bf5) 22. Rc1 Ng6 23. Ng5
Bf5 24. Nxf7 $2 {One pawn is not enough. That just helps me trade pieces.} (24.
h3) 24... Kxf7 25. g4 Nh4 26. gxf5 Nxf5 {Good knight vs Bad bishop} 27. Bc5 g5
{Starting a pawn storm on the queenside.} 28. Kf1 Kg6 29. Ke2 h5 30. Kd3 g4 31.
Bb4 h4 32. Rg1 Kh5 33. Rfg2 Rg8 34. Bd2 g3 35. hxg3 Rxg3+ 36. Rxg3 hxg3 37. Be3
Rg8 {Kg4 is more simple.} (37... Kg4) 38. Ke2 g2 39. Bf2 Ng3+ 40. Kf3 Nf5 41.
Rxg2 Rxg2 42. Kxg2 Kg4 {Classic Good knight vs bad bishop.} 43. Kf1 Kf3 44. Ke1
Ke4 45. Kd2 Nxd4 46. Kc3 c5 47. b4 Nb5+ 48. Kb3 c4+ 49. Kc2 Kxe5 $6 (49... d4)
50. a4 a6 $1 {Only move to win!} (50... Nd4+ 51. Kc3 Ne2+) 51. axb5 axb5 52.
Kd2 d4 53. Be1 Ke4 54. Ke2 c3 55. Bg3 d3+ 56. Kd1 c2+ $6 (56... Ke3) 57. Kd2
Kd4 58. Bf4 Kc4 {My plan was to take his b pawn and go to a2.} 59. Bd6 e5 $4
$10 {I blundered.} (59... Kb3) 60. Bxe5 Kxb4 61. Kc1 $4 $19 {Andddd... he
blundered back.} (61. Bb2 Kb3 62. Bc1 $10) 61... Kc4 $4 $10 {Oops} 62. Ba1 $4
$19 {... ok he blundered again} (62. Kb2) 62... Kb3 63. Bc3 b4 64. Bd2 Ka3 65.
Be1 b3 66. Bc3 Ka2 67. Bd4 d2+ {0-1 White resigns. Overall, this was a wild
game where we blundered a lot, especially in the endgame.} 0-1